LEADER 02803 am 2200589 n 450 001 9910136755103321 005 20160407 010 $a2-35159-541-6 024 7 $a10.4000/books.ifpo.9172 035 $a(CKB)3710000000687032 035 $a(FrMaCLE)OB-ifpo-9172 035 $a(oapen)https://directory.doabooks.org/handle/20.500.12854/46197 035 $a(PPN)19430454X 035 $a(EXLCZ)993710000000687032 100 $a20160525j|||||||| ||| 0 101 0 $afre 135 $auu||||||m|||| 181 $ctxt$2rdacontent 182 $cc$2rdamedia 183 $acr$2rdacarrier 200 14$aLes élites bagdadiennes au temps des Seldjoukides $eÉtude d?histoire sociale /$fVanessa Van Renterghem 210 $aBeyrouth $cPresses de l?Ifpo$d2016 215 $a1 online resource (Deux volumes : 552 + 500 p.) 311 $a2-35159-704-4 330 $aBagdad, grande métropole du monde arabo-musulman médiéval et siège du califat abbasside, fut au milieu du ve/xie siècle intégrée à l?empire oriental des Turcs seldjoukides. Restaurateurs du sunnisme, les sultans seldjoukides résidèrent peu à Bagdad, mais ils y fondèrent des institutions nouvelles : les madrasas, encouragèrent l?essor du soufisme et participèrent au développement urbain. Cette étude d?histoire sociale, fondée sur une approche prosopographique des sources arabes, décrit différents groupes élitaires bagdadiens et s?intéresse à leur fonctionnement (distinction, reproduction, rôle des lignages). À travers l?apparition de nouvelles élites administratives et militaires au service des Abbassides, elle retrace le phénomène progressif de redressement califal qui marqua le vie/xiie siècle. L?étude du cadre urbain fait apparaître Bagdad comme une ville en évolution permanente, marquée par l?interaction constante des élites avec le contexte urbain dont elles étaient issues. 517 $aélites bagdadiennes au temps des Seldjoukides 517 $aélites bagdadiennes au temps des Seldjoukides 606 $aHistory & Archaeology 606 $aBagdad 606 $ahistoire urbaine 606 $adynastie seljoukide 606 $aMoyen Âge 606 $ahistoire 606 $aIrak 610 $aIrak 610 $aMoyen Âge 610 $ahistoire 610 $aBagdad 610 $adynastie seljoukide 615 4$aHistory & Archaeology 615 4$aBagdad 615 4$ahistoire urbaine 615 4$adynastie seljoukide 615 4$aMoyen Âge 615 4$ahistoire 615 4$aIrak 700 $aVan Renterghem$b Vanessa$01329900 801 0$bFR-FrMaCLE 906 $aBOOK 912 $a9910136755103321 996 $aLes élites bagdadiennes au temps des Seldjoukides$93039647 997 $aUNINA LEADER 01188nas 2200385-a 450 001 996198339803316 005 20240112213020.0 035 $a(OCoLC)85857150 035 $a(CKB)1000000000277738 035 $a(CONSER)--2010240801 035 $a(DE-599)ZDB2261172-1 035 $a(EXLCZ)991000000000277738 100 $a20070314c2006uuuu --- - 101 0 $apor 135 $aurmn||||||||| 181 $ctxt$2rdacontent 182 $cc$2rdamedia 183 $acr$2rdacarrier 200 00$aPerspectivas contemporâneas 210 $aCampo Mourão, Brasil $cFaculdade Integrado$d2006- 300 $aRefereed/Peer-reviewed 311 $a1980-0193 517 1 $aPC 606 $aSocial sciences$zBrazil$vPeriodicals 606 $aSocial sciences$2fast$3(OCoLC)fst01122877 607 $aBrazil$vPeriodicals 607 $aBrazil$2fast$1https://id.oclc.org/worldcat/entity/E39QbtfRB9KGtqfkFTFbfB77QY 608 $aPeriodicals.$2fast 615 0$aSocial sciences 615 7$aSocial sciences. 712 02$aFaculdade Integrado (Campo Mourão, Brazil) 906 $aJOURNAL 912 $a996198339803316 996 $aPerspectivas contemporâneas$92011079 997 $aUNISA